| 000 | 00963nam a22003377a 4500 | ||
|---|---|---|---|
| 001 | 14920986 | ||
| 003 | OSt | ||
| 005 | 20140310182902.0 | ||
| 008 | 070709s2006 ph 000 1 tgl | ||
| 010 | _a 2007318357 | ||
| 020 | _a9715844820 | ||
| 040 |
_aDLC _cDLC |
||
| 042 | _alcode | ||
| 050 | 0 | 0 |
_aPL6062.3 _b.R457 2006 |
| 082 |
_aFIL899.21031 _b.R457 2006 |
||
| 100 | 1 | _aReyes, Edgar. | |
| 245 | 1 | 0 |
_aSa aking panahon : _b13 piling katha at isa pa! / _cReyes, Edgardo M. |
| 250 | _a1. ed. | ||
| 260 |
_aQuezon City, Philippines : _bPublished and distributed by C & E Pub., _c2006. |
||
| 300 |
_avi, 213 p. ; _c23 cm. |
||
| 500 | _aShort stories. | ||
| 521 | _acollege students | ||
| 526 | _c1210L-1700L | ||
| 541 | _j1 | ||
| 541 | _j2 | ||
| 546 | _aIn Tagalog. | ||
| 562 | _e2 | ||
| 906 |
_a7 _bcbc _corigode _d4 _encip _f20 _gy-gencatlg |
||
| 942 |
_2lcc _cBK _kFIL |
||
| 999 |
_c17113 _d17113 |
||